Sanidad alimentaria

Guardat en:
Dades bibliogràfiques
Autor principal: Roberts, Howard R (Autor)
Format: Llibre
Idioma:espanyol
Publicat: Zaragoza Acribia 1986
Matèries:
Etiquetes: Afegir etiqueta
Sense etiquetes, Sigues el primer a etiquetar aquest registre!

MARC

LEADER 00000nam a2200000 a 4500
001 UCY3440
003 CL-VaPUC
008 941227e19860000SP |||||||||||||||||spa|d
082 0 4 |a 576.163  |b ROB  |2 21 
100 0 |a Roberts, Howard R  |e author  |9 331700 
245 1 0 |a Sanidad alimentaria 
300 |a 261 p 
942 |c BK 
945 |d 19941227 00:00:00  |a mfernand 
260 |a Zaragoza  |b Acribia  |c 1986 
650 0 |a Microbiología alimentaria  |9 259564 
650 7 |a HIGIENE DE ALIMENTOS  |2 CL-VaPUC  |9 259708 
650 0 |a Intoxicación por alimentos  |9 325368 
583 |a last modification  |c 19941227 00:00:00  |k Rodrigo Vera 
999 |c 231569  |d 231567 
952 |0 0  |1 0  |4 0  |6 576_163000000000000_ROB_1986  |7 0  |8 A  |9 234967  |a BIBALI  |b BIBALI  |c RES  |d 2019-11-15  |i 304730K  |o 576.163 ROB 1986  |p 304730K  |r 2025-01-20  |w 2019-11-15  |y BK_R  |k ALI